5HLuxD.jpg

KING HENRY VIII SENIOR AND PRIMARY SCHOOL LIBRARY OPAC

Bad Buster / (Record no. 1773)

000 -LEADER
fixed length control field 00920pam a2200277 a 4500
001 - CONTROL NUMBER
control field 2198340
003 - CONTROL NUMBER IDENTIFIER
control field OSt
005 - DATE AND TIME OF LATEST TRANSACTION
control field 20230127100728.0
008 - FIXED-LENGTH DATA ELEMENTS--GENERAL INFORMATION
fixed length control field 020607s2003 vraa b 000 1 eng d
020 ## - INTERNATIONAL STANDARD BOOK NUMBER
International Standard Book Number 9780143300335
Qualifying information paperback
035 ## - SYSTEM CONTROL NUMBER
System control number 2198340
040 ## - CATALOGING SOURCE
Original cataloging agency ANL
Language of cataloging eng
Modifying agency ANL
-- KH8
Transcribing agency STD
042 ## - AUTHENTICATION CODE
Authentication code anuc
082 04 - DEWEY DECIMAL CLASSIFICATION NUMBER
Classification number 823.4 LAG
Edition number 21
100 1# - MAIN ENTRY--PERSONAL NAME
Personal name Laguna, Sofie,
Dates associated with a name 1968-
Relator term author
245 10 - TITLE STATEMENT
Title Bad Buster /
Statement of responsibility, etc. Sofie Laguna ; illustrated by Leigh Hobbs.
260 ## - PUBLICATION, DISTRIBUTION, ETC.
Place of publication, distribution, etc. Camberwell, Vic. :
Name of publisher, distributor, etc. Penguin Books,
Date of publication, distribution, etc. 2003.
300 ## - PHYSICAL DESCRIPTION
Extent 56 p. :
Other physical details ill. ;
Dimensions 20 cm.
490 1# - SERIES STATEMENT
Series statement Aussie nibbles
520 ## - SUMMARY, ETC.
Summary, etc. Nobody was better at being bad than Buster Reed. But when he's very, very good, he becomes a hero and finds a special friend as well. Ages 8+.
521 ## - TARGET AUDIENCE NOTE
Target audience note For children aged 6-8 years.
650 #0 - SUBJECT ADDED ENTRY--TOPICAL TERM
Topical term or geographic name entry element Dogs
Form subdivision Juvenile fiction.
700 1# - ADDED ENTRY--PERSONAL NAME
Personal name Hobbs, Leigh.
Relator term illustrator
830 #0 - SERIES ADDED ENTRY--UNIFORM TITLE
Uniform title Aussie nibbles.
942 ## - ADDED ENTRY ELEMENTS (KOHA)
Source of classification or shelving scheme
Koha item type Books - Non Ficton
Holdings
Withdrawn status Lost status Source of classification or shelving scheme Damaged status Not for loan Collection code Permanent Location Current Location Shelving location Date acquired Total Checkouts Full call number Barcode Date last seen Date last checked out Price effective from Koha item type
          Non-Fiction KH8 Primary School Library KH8 Primary School Library Non Fiction 2023-01-27 5 823.4 LAG KHPL000003523 2026-03-10 2026-03-03 2023-01-27 Books - Non Ficton

Powered By KH8 IT Dept